[Event "Antwerp World Uni blitz op (Women)"]
[Site "Antwerp"]
[Date "2022.09.14"]
[Round "9"]
[White "Avramidou, Anastasia"]
[Black "Paktinat, Zhina"]
[Result "1-0"]
[WhiteElo "2183"]
[BlackElo "1674"]
[PlyCount "53"]
[EventDate "2022.09.14"]
[EventType "swiss (blitz)"]
[EventRounds "9"]
[EventCountry "BEL"]
[SourceTitle "CBM 210 Extra"]
[Source "ChessBase"]
[SourceDate "2022.11.30"]
[SourceVersion "1"]
[SourceVersionDate "2022.11.30"]
[SourceQuality "1"]

1. c3 e5 2. d4 exd4 3. cxd4 d5 4. Nc3 c6 5. Nf3 Bf5 6. Bg5 Be7 7. Bxe7 Nxe7 8. e3 Nd7 9. h3 Qb6 10. Qd2 Nc8 11. Nh4 Be6 12. Bd3 Nd6 13. Qc2 Nf6 14. 0-0 h6 15. f4 0-0-0 16. Nf3 Rdg8 17. Ne5 Qc7 18. b4 Nc4 19. Bxc4 dxc4 20. f5 Bd7 21. Nxf7 Rh7 22. Ne5 Nd5 23. Nxd5 cxd5 24. f6 gxf6 25. Qxh7 Rxg2+ 26. Kh1 fxe5 27. Rf8+ 1-0

[Event "Antwerp World Uni op (Women)"]
[Site "Antwerp"]
[Date "2022.09.12"]
[Round "2"]
[White "Paktinat, Zhina"]
[Black "Terbe, Zsuzsanna"]
[Result "1/2-1/2"]
[WhiteElo "1888"]
[BlackElo "2196"]
[PlyCount "145"]
[EventDate "2022.09.12"]
[EventType "swiss"]
[EventRounds "9"]
[EventCountry "BEL"]
[SourceTitle "CBM 210 Extra"]
[Source "ChessBase"]
[SourceDate "2022.11.30"]
[SourceVersion "1"]
[SourceVersionDate "2022.11.30"]
[SourceQuality "1"]

1. e4 e5 2. Nf3 Nc6 3. Bc4 Bc5 4. c3 Nf6 5. d3 0-0 6. Nbd2 a6 7. Bb3 h6 8. h3 Re8 9. Nf1 d5 10. Qe2 Be6 11. Ng3 Ba7 12. 0-0 Na5 13. Rd1 Nxb3 14. axb3 Qe7 15. b4 dxe4 16. dxe4 Bb3 17. Re1 Rad8 18. Be3 Bxe3 19. Qxe3 Qe6 20. Ra5 Nd7 21. Nf5 Qf6 22. Nh2 h5 23. Qe2 g6 24. Ne3 Qc6 25. Nf3 f6 26. c4 b5 27. cxb5 axb5 28. Qxb5 Nb8 29. Qxc6 Nxc6 30. Rc5 Nxb4 31. Rxc7 Nd3 32. Ra1 Ra8 33. Rxa8 Rxa8 34. Rc3 Ra1+ 35. Kh2 Nc1 36. Nd2 Bf7 37. b4 Ra2 38. Ndc4 Ne2 39. Ra3 Bxc4 40. Nxc4 Rc2 41. Ne3 Rb2 42. Nd5 Nf4 43. Ra8+ Kf7 44. Ra7+ Kf8 45. Nxf6 Rxf2 46. b5 Nxg2 47. Nh7+ Ke8 48. Kg3 Rb2 49. b6 Ne1 50. Nf6+ Kd8 51. Ra8+ Ke7 52. Nd5+ Kd6 53. h4 Rb3+ 54. Kf2 Nd3+ 55. Kg2 Nf4+ 56. Nxf4 exf4 57. Rg8 Ke5 58. Rxg6 Kxe4 59. Rh6 Rb2+ 60. Kg1 Kf3 61. Rxh5 Rxb6 62. Rg5 Rb1+ 63. Kh2 Kf2 64. Ra5 Rb2 65. h5 Kf3+ 66. Kg1 Kg3 67. Rg5+ Kh4 68. Rf5 Kg4 69. Rf7 Rb1+ 70. Kg2 Rb2+ 71. Kg1 Rb6 72. Kg2 Kxh5 73. Rxf4 1/2-1/2

[Event "IRI-ch (Women)"]
[Site "Kermanshah"]
[Date "2022.03.03"]
[Round "6"]
[White "Paktinat, Zhina"]
[Black "Azali, Tannaz"]
[Result "0-1"]
[WhiteElo "1903"]
[BlackElo "2100"]
[PlyCount "162"]
[EventDate "2022.02.28"]
[EventType "tourn"]
[EventRounds "11"]
[EventCountry "IRI"]
[SourceTitle "EXT 2023"]
[Source "ChessBase"]
[SourceDate "2022.10.05"]
[SourceVersion "1"]
[SourceVersionDate "2022.10.05"]
[SourceQuality "1"]

1. e4 c5 2. Nf3 e6 3. c3 d5 4. exd5 Qxd5 5. Na3 a6 6. Nc4 Nd7 7. a4 b6 8. d4 Ngf6 9. Be2 Bb7 10. Be3 Be7 11. dxc5 Qxd1+ 12. Rxd1 bxc5 13. Nd6+ Bxd6 14. Rxd6 Nd5 15. c4 Nxe3 16. fxe3 Ke7 17. Rd2 Nf6 18. Bd3 Rhd8 19. Ke2 Bc6 20. Ra1 g6 21. h3 Rab8 22. g4 Bxf3+ 23. Kxf3 Nd7 24. Kf4 g5+ 25. Ke4 Rb4 26. a5 Nb8 27. Ra3 Nc6 28. b3 f6 29. Kf3 Ne5+ 30. Ke2 Rh8 31. Be4 h5 32. gxh5 Rxh5 33. Bg2 Rh8 34. Kd1 f5 35. Kc2 g4 36. hxg4 Nxg4 37. Re2 Rh2 38. Kd2 Rb8 39. Bf3 Ne5 40. Bg2 Rd8+ 41. Ke1 Nd3+ 42. Kf1 Nb4 43. Ra1 Rd3 44. Rb1 Rh8 45. Kf2 Rhd8 46. e4 f4 47. e5 Rc3 48. Be4 Nd3+ 49. Bxd3 Rdxd3 50. b4 Rxc4 51. bxc5 Rxc5 52. Rb7+ Rd7 53. Rxd7+ Kxd7 54. Kf3 Rxa5 55. Kxf4 Rd5 56. Kg5 Ke7 57. Kg6 a5 58. Re4 Rb5 59. Re3 a4 60. Ra3 Ra5 61. Kg7 Rxe5 62. Rxa4 Rg5+ 63. Kh6 Rg1 64. Ra6 Kf6 65. Kh5 Kf5 66. Kh4 e5 67. Ra8 Kf4 68. Rf8+ Ke3 69. Kh3 e4 70. Kh2 Rg5 71. Rf7 Ke2 72. Re7 e3 73. Kh3 Kd2 74. Rd7+ Ke1 75. Re7 e2 76. Rd7 Re5 77. Kg2 Rg5+ 78. Kh3 Kf2 79. Rf7+ Ke3 80. Re7+ Kf3 81. Rf7+ Ke4 0-1

[Event "GER-ch Net blitz qual1"]
[Site "Playchess.com INT"]
[Date "2020.03.07"]
[Round "1"]
[White "Sautter, Joachim"]
[Black "Paktinat, Zhina"]
[Result "0-1"]
[WhiteElo "1467"]
[BlackElo "2020"]
[PlyCount "136"]
[EventDate "2020.03.07"]
[EventType "swiss (blitz)"]
[EventRounds "9"]
[EventCountry "GER"]
[SourceTitle "CBM 195 Extra"]
[Source "ChessBase"]
[SourceDate "2020.05.31"]
[SourceVersion "1"]
[SourceVersionDate "2020.05.31"]
[SourceQuality "1"]

1. e4 e6 2. Nf3 d5 3. exd5 exd5 4. d4 Nf6 5. Bd3 Be7 6. 0-0 0-0 7. Bg5 h6 8. Bxf6 Bxf6 9. c3 c6 10. Re1 Bg4 11. Nbd2 Nd7 12. h3 Bh5 13. Qc2 Re8 14. Rxe8+ Qxe8 15. Re1 Qd8 16. Re2 Bxf3 17. Nxf3 Nf8 18. Qc1 Qd7 19. Qd1 Re8 20. Rxe8 Qxe8 21. Qe2 Qxe2 22. Bxe2 Ne6 23. Bd3 Nf4 24. Bc2 Ne6 25. Bf5 Kf8 26. Bxe6 fxe6 27. Kf1 Ke7 28. Ke2 Kd6 29. Kd3 b6 30. b3 c5 31. dxc5+ bxc5 32. c4 e5 33. cxd5 Kxd5 34. Nd2 Bh4 35. f3 Bf2 36. Ne4 Bd4 37. a4 a6 38. g4 g6 39. Nc3+ Ke6 40. Ne4 Kd5 41. Nc3+ Kc6 42. Ne4 h5 43. Nc3 hxg4 44. hxg4 Kb6 45. Nd5+ Kb7 46. Kc4 g5 47. Ne7 Kc7 48. Nd5+ Kd6 49. Nb6 e4 50. fxe4 Ke5 51. Kd3 Kf4 52. Nc4 Kxg4 53. e5 Kf5 54. Ne3+ Bxe3 55. Kxe3 Kxe5 56. Kf3 Kd4 57. Kg4 Kc3 58. Kxg5 Kxb3 59. Kf4 Kxa4 60. Ke3 c4 61. Kd2 Kb3 62. Kc1 a5 63. Kb1 a4 64. Ka1 a3 65. Kb1 c3 66. Ka1 Kc2 67. Ka2 Kd1 68. Kxa3 c2 0-1

[Event "Asian Schools-ch 12th U13 Girls"]
[Site "Tehran"]
[Date "2016.07.17"]
[Round "9"]
[White "Paktinat, Zhina"]
[Black "Zahedifar, Anahita"]
[Result "1/2-1/2"]
[WhiteElo "1698"]
[BlackElo "2095"]
[PlyCount "84"]
[EventDate "2016.07.11"]
[EventType "swiss"]
[EventRounds "9"]
[EventCountry "IRI"]
[SourceTitle "EXT 2024"]
[Source "ChessBase"]
[SourceDate "2023.10.10"]
[SourceVersion "1"]
[SourceVersionDate "2023.10.10"]
[SourceQuality "1"]

1. e4 c6 2. Nc3 d5 3. Nf3 Bg4 4. h3 Bh5 5. exd5 cxd5 6. g4 Bg6 7. Ne5 Nc6 8. d4 e6 9. h4 f6 10. h5 Bf7 11. Nxf7 Kxf7 12. a3 Rc8 13. Be3 Bd6 14. f4 Nge7 15. Bd3 Na5 16. 0-0 Nc4 17. Bxc4 Rxc4 18. Ne2 Qc8 19. c3 f5 20. g5 g6 21. h6 Qd7 22. Qd2 b6 23. Rfc1 a5 24. b3 Rc6 25. Qd3 Rhc8 26. a4 Bb8 27. c4 Qc7 28. c5 Ba7 29. cxb6 Qxb6 30. Rxc6 Nxc6 31. Qb5 Ke7 32. Rc1 Kd7 33. Qxb6 Bxb6 34. Kf2 Rb8 35. Ke1 Bc7 36. Rb1 Bd6 37. Kd2 Bb4+ 38. Kd3 Ne7 39. Bd2 Nc8 40. Bxb4 Rxb4 41. Nc1 Rb7 42. Na2 Na7 1/2-1/2

[Event "Wch U10 Girls"]
[Site "Al Ain"]
[Date "2013.12.21"]
[Round "5"]
[White "Solozhenkina, Elizaveta"]
[Black "Paktinat, Zhina"]
[Result "1/2-1/2"]
[WhiteElo "1761"]
[BlackElo "1552"]
[PlyCount "102"]
[EventDate "2013.12.18"]
[EventType "swiss"]
[EventRounds "11"]
[EventCountry "UAE"]
[SourceTitle "CBM 158 Extra"]
[Source "ChessBase"]
[SourceDate "2014.02.28"]
[SourceVersion "1"]
[SourceVersionDate "2014.02.28"]
[SourceQuality "1"]

1. e4 e5 2. Nf3 Nf6 3. Nxe5 d6 4. Nf3 Nxe4 5. Nc3 Nxc3 6. dxc3 Be7 7. Be3 Nc6 8. Qd2 a6 9. 0-0-0 Be6 10. Kb1 Qd7 11. h3 0-0-0 12. Nd4 Bf6 13. Nxe6 Qxe6 14. Be2 Kb8 15. Bf3 Ne7 16. Rhe1 Qd7 17. Re2 Qb5 18. g4 h6 19. Bg2 Rhe8 20. Rde1 Nc6 21. Qd5 Qxd5 22. Bxd5 Rf8 23. Kc1 Ne7 24. Bg2 Kc8 25. Bd2 Ng6 26. Be4 Ne7 27. Rh1 d5 28. Bg2 Ng6 29. f4 c5 30. Rhe1 Bh4 31. Rf1 Rfe8 32. Rxe8 Rxe8 33. g5 hxg5 34. fxg5 f6 35. Bf3 Ne5 36. gxf6 Bxf6 37. Bg4+ Nxg4 38. hxg4 Rf8 39. Kd1 Kd7 40. Rh1 Be5 41. Be3 Rf3 42. Ke2 Rg3 43. g5 Rg2+ 44. Kd1 Kd6 45. Re1 b5 46. a3 a5 47. Rf1 a4 48. Rf8 Kd7 49. Rf7+ Ke6 50. Rf1 Kd6 51. Re1 Kd7 1/2-1/2